| 000 | 00599nam a22001937a 4500 | ||
|---|---|---|---|
| 005 | 20171118150847.0 | ||
| 010 | _aENG-112355 | ||
| 020 |
_a9789325971585 _c110.00 |
||
| 035 | _aEN-95887 | ||
| 037 | _bDBAD/PUB | ||
| 082 | _a005.133 | ||
| 100 | _aRout, Susant K. | ||
| 245 |
_aTips and tricks on C programming : _cby Susant K Rout _ba quick guide on how to crack interviews / |
||
| 250 | _a2nd ed | ||
| 260 |
_aNoida (UP) _bVikas Publishing House _c2015(repr.) |
||
| 270 |
_aE-28, Sector-8, _bNoida _e201301 |
||
| 300 |
_axv,120p. _c21cm(pbk) |
||
| 942 |
_2ddc _cEN _mROU _h005.133 |
||
| 999 |
_c92192 _d92192 |
||